01281nam a22002297a 4500020001800000040000900018082002100027100003200048245007700080250000900157260004700166650008400213651007700297942001200374999001900386952011000405952011000515952011000625952009900735952010700834952011000941 a9780131471221 cNUST a519.20246213 GAR aLeon-Garcia, Alberto969592 aProbability, Statistics, and Random Processes for Electrical Engineering a3rd  aNew Jersey:bPearson Prentice Hall,c2008. aProbability, Statistics, and Random Processes for Electrical Engineering972528 2Probability, Statistics, and Random Processes for Electrical Engineering 2ddccBK c586652d586652 00102ddc4070aCEMEbCEMEcGENd2021-11-03l0o519.20246213 GARpCEME-50780r2021-11-03w2021-11-03yBK 00102ddc4070aCEMEbCEMEcGENd2021-11-03l0o519.20246213 GARpCEME-50781r2021-11-03w2021-11-03yBK 00102ddc4070aCEMEbCEMEcGENd2021-11-03l0o519.20246213 GARpCEME-50782r2021-11-03w2021-11-03yBK 00102ddc4070aCEMEbCEMEcGENd2021-11-03o280 SCB-QpSCB-50783r2021-11-03w2021-11-03yBK 00102ddc4070aCEMEbCEMEcGENd2021-11-08o519.20246213 GARpCEME-50779r2021-11-08w2021-11-08yBK 00102ddc4070aCEMEbCEMEcGENd2021-11-03l0o519.20246213 GARpCEME-50783r2021-11-10w2021-11-03yBK